| Tag |
First Indicator |
Second Indicator |
Subfields |
| LEADER |
00000cam a2200000 4500 |
| 001 |
in00000030854 |
| 005 |
20151007063044.0 |
| 008 |
720707s1948 enk 00000 eng |
| 010 |
|
|
|a 48003720
|
| 035 |
|
|
|a (OCoLC)00350992
|
| 035 |
|
|
|9 AAD6446AM
|
| 040 |
|
|
|a DLC
|c WSU
|d TXA
|d UtOrBLW
|
| 049 |
|
|
|a TXAM
|c [187936]
|
| 050 |
|
0 |
|a PR127
|b .T5
|
| 092 |
|
|
|a 820.9
|b T483c
|
| 100 |
1 |
|
|a Thomson, J. A. K.
|q (James Alexander Kerr),
|d 1879-1959.
|
| 245 |
1 |
4 |
|a The classical background of English literature.
|
| 264 |
|
1 |
|a London :
|b G. Allen & Unwin,
|c [1948]
|
| 300 |
|
|
|a 272 pages ;
|c 21 cm.
|
| 336 |
|
|
|a text
|b txt
|2 rdacontent
|
| 337 |
|
|
|a unmediated
|b n
|2 rdamedia
|
| 338 |
|
|
|a volume
|b nc
|2 rdacarrier
|
| 650 |
|
0 |
|a Classical literature
|x History and criticism.
|
| 650 |
|
0 |
|a Comparative literature
|x Classical and English.
|
| 650 |
|
0 |
|a Comparative literature
|x English and classical.
|
| 999 |
|
|
|a MARS
|
| 999 |
f |
f |
|s 470dff67-252e-369d-a63b-a2fb9c315f13
|i b9a5b75d-4836-38e2-873f-7b03066fb500
|t 0
|
| 952 |
f |
f |
|p normal
|a Texas A&M University
|b College Station
|c Sterling C. Evans Library
|d Evans: Library Stacks
|t 0
|e PR127 .T5
|h Library of Congress classification
|i unmediated -- volume
|m A14801273823
|
| 998 |
f |
f |
|a PR127 .T5
|t 0
|l Evans: Library Stacks
|